000 00394nam a2200145Ia 4500
008 230917s9999||||xx |||||||||||||| ||und||
040 _e201931
_aMAIN
041 _aEnglish
082 _a297.57 E33D
100 _aEdgar, Jain R
245 0 _aDream in Islam: From Qur'anic tradition to Jihadist inspiration
260 _aNew York
_bBerghahn Books
_c2011
300 _axx, 150 p.
942 _cBK
999 _c160947
_d160947